Roméo et Juliette à la marge (notice n° 1640029)
[ vue normale ]
| 000 -LEADER | |
|---|---|
| fixed length control field | 01355cam a2200205 4500500 |
| 005 - DATE AND TIME OF LATEST TRANSACTION | |
| control field | 20260201075320.0 |
| 041 ## - LANGUAGE CODE | |
| Language code of text/sound track or separate title | fre |
| 042 ## - AUTHENTICATION CODE | |
| Authentication code | dc |
| 100 10 - MAIN ENTRY--PERSONAL NAME | |
| Personal name | Dubois-Fabing, Delphine |
| Relator term | author |
| 245 00 - TITLE STATEMENT | |
| Title | Roméo et Juliette à la marge |
| 260 ## - PUBLICATION, DISTRIBUTION, ETC. | |
| Date of publication, distribution, etc. | 2018.<br/> |
| 500 ## - GENERAL NOTE | |
| General note | 36 |
| 520 ## - SUMMARY, ETC. | |
| Summary, etc. | A la demande de l’Office Départemental de la Personne en Situation de Handicap de l’Isère (ODPHI), la Compagnie du Savon Noir conduit depuis 2014 des créations théâtrales sur le thème de la vie affective et sexuelle de personnes en situation de handicap. Comment parler librement de ce thème tout en respectant les personnes, leur liberté de pensée, leur intégrité ? Comment aborder des questions aussi ardues que celle du viol, dont sont victimes de nombreuses personnes en situation de handicap ? Pour ce faire, notre action veille à la protection des personnes, elle s’appuie sur la mise en jeu des corps, des émotions, une réflexion propice à la distanciation et une action concrète de transmission. |
| 690 ## - LOCAL SUBJECT ADDED ENTRY--TOPICAL TERM (OCLC, RLIN) | |
| Topical term or geographic name as entry element | expression de l’émotion |
| 690 ## - LOCAL SUBJECT ADDED ENTRY--TOPICAL TERM (OCLC, RLIN) | |
| Topical term or geographic name as entry element | handicap |
| 690 ## - LOCAL SUBJECT ADDED ENTRY--TOPICAL TERM (OCLC, RLIN) | |
| Topical term or geographic name as entry element | outil pédagogique |
| 690 ## - LOCAL SUBJECT ADDED ENTRY--TOPICAL TERM (OCLC, RLIN) | |
| Topical term or geographic name as entry element | théâtre |
| 786 0# - DATA SOURCE ENTRY | |
| Note | Pratiques en santé mentale | 63e aée | 4 | 2018-02-27 | p. 33-35 | 1286-1286 |
| 856 41 - ELECTRONIC LOCATION AND ACCESS | |
| Uniform Resource Identifier | <a href="https://shs.cairn.info/revue-pratique-en-sante-mentale-2017-4-page-33?lang=fr&redirect-ssocas=7080">https://shs.cairn.info/revue-pratique-en-sante-mentale-2017-4-page-33?lang=fr&redirect-ssocas=7080</a> |
Pas d'exemplaire disponible.




Réseaux sociaux